[Event "International Championship of Central Se"]
[Site "Paracin, hotel "]
[Date "2012.07.06"]
[Round "1.39"]
[White "Todorovic, Nenad I"]
[Black "Doric, Nenad"]
[Result "1/2-1/2"]
[WhiteElo "2001"]
[BlackElo "2330"]
[PlyCount "51"]
[EventDate "2012.07.06"]

1. e4 c5 2. Nf3 Nc6 3. d4 cxd4 4. Nxd4 Qb6 5. Nb3 Nf6 6. Nc3 e6 7. Qe2 d6 8. g4
Be7 9. Be3 Qc7 10. g5 Nd7 11. O-O-O a6 12. f4 b5 13. Qf2 b4 14. Na4 Na5 15. Nb6
Nxb3+ 16. axb3 Nxb6 17. Bxb6 Qc6 18. Ba5 Qc5 19. Qxc5 dxc5 20. e5 Bb7 21. Rg1
Bd8 22. Rxd8+ Rxd8 23. Bxd8 Kxd8 24. Bg2 Bxg2 25. Rxg2 Kc7 26. Rg3 1/2-1/2

[Event "International Championship of Central Se"]
[Site "Paracin, hotel "]
[Date "2012.07.06"]
[Round "1.40"]
[White "Lukovic, Vladimir"]
[Black "Zarkovic, Mila"]
[Result "1-0"]
[WhiteElo "2329"]
[BlackElo "1996"]
[PlyCount "57"]
[EventDate "2012.07.06"]

1. e4 c5 2. Nf3 e6 3. d4 cxd4 4. Nxd4 Nf6 5. Bd3 d6 6. O-O Be7 7. c4 O-O 8. Nc3
a6 9. Kh1 Qc7 10. f4 Nbd7 11. Qe2 b6 12. Bd2 Bb7 13. Rae1 Rfd8 14. Nf3 e5 15.
f5 Rac8 16. Rg1 Nc5 17. Bb1 h6 18. g4 Nh7 19. g5 hxg5 20. h4 f6 21. hxg5 Nxg5
22. Nxg5 fxg5 23. Bxg5 Rf8 24. Qg4 Rf7 25. a3 Rcf8 26. Bxe7 Qxe7 27. Kh2 Rf6
28. Qg5 R8f7 29. Re3 1-0

[Event "International Championship of Central Se"]
[Site "Paracin, hotel "]
[Date "2012.07.06"]
[Round "1.41"]
[White "Katic, Goran"]
[Black "Skovgaard, Peter"]
[Result "0-1"]
[WhiteElo "1989"]
[BlackElo "2306"]
[PlyCount "82"]
[EventDate "2012.07.06"]

1. e4 c5 2. c3 e6 3. d4 d5 4. exd5 exd5 5. Be3 c4 6. Nf3 Bd6 7. Be2 Ne7 8. b3
cxb3 9. axb3 Nbc6 10. O-O O-O 11. Nbd2 Nf5 12. Bg5 Qc7 13. Bd3 h6 14. Bxf5 Bxf5
15. Bh4 Bd3 16. Re1 f5 17. Ne5 Bxe5 18. Nf3 Bxh2+ 19. Nxh2 Ba6 20. Qh5 Qf7 21.
Qxf7+ Kxf7 22. f4 Bd3 23. Nf3 Be4 24. Ne5+ Nxe5 25. dxe5 g5 26. fxg5 hxg5 27.
Bf2 a6 28. Bd4 Ke6 29. Kf2 Rh8 30. Rh1 Rag8 31. b4 Rh4 32. Rxh4 gxh4 33. Rg1
Rg3 34. Kf1 f4 35. Kf2 Kf5 36. Kf1 b6 37. Kf2 a5 38. Bxb6 a4 39. Bd4 a3 40. b5
a2 41. b6 Rxg2+ 0-1

[Event "International Championship of Central Se"]
[Site "Paracin, hotel "]
[Date "2012.07.06"]
[Round "1.42"]
[White "Lanzani, Mario"]
[Black "Bejatovic, Bojana"]
[Result "1/2-1/2"]
[WhiteElo "2302"]
[BlackElo "1941"]
[PlyCount "109"]
[EventDate "2012.07.06"]

1. d4 f5 2. Bg5 g6 3. h4 Bg7 4. h5 h6 5. hxg6 hxg5 6. Rxh8 Bxh8 7. e4 e6 8. Qh5
Bg7 9. exf5 exf5 10. Nc3 d5 11. O-O-O Be6 12. Re1 Qd7 13. Nf3 Nf6 14. Qxg5 Ne4
15. Qh4 Nc6 16. Bb5 Bf6 17. Nxe4 Bxh4 18. Nc5 Qg7 19. Nxe6 Qh6+ 20. Kd1 Bf6 21.
Nxc7+ Kd8 22. Nxa8 Qxg6 23. Ne5 Bxe5 24. dxe5 Qe6 25. f4 Kc8 26. Bxc6 bxc6 27.
g4 fxg4 28. f5 Qxf5 29. e6 Qf3+ 30. Re2 Qf1+ 31. Re1 Qf3+ 32. Re2 Qf8 33. e7
Qe8 34. b4 Kb7 35. Ke1 Kxa8 36. c3 Kb7 37. Kf2 Kc8 38. Kg2 Kd7 39. Re1 Qxe7 40.
Rxe7+ Kxe7 41. Kg3 Kd6 42. Kxg4 c5 43. bxc5+ Kxc5 44. Kf4 Kc4 45. Ke5 Kxc3 46.
Kxd5 Kb4 47. a4 Kxa4 48. Kc4 a5 49. Kc3 Ka3 50. Kc2 Ka2 51. Kc1 a4 52. Kc2 a3
53. Kc1 Ka1 54. Kc2 a2 55. Kc1 1/2-1/2

[Event "International Championship of Central Se"]
[Site "Paracin, hotel "]
[Date "2012.07.06"]
[Round "1.44"]
[White "Kholopov, Alexander A"]
[Black "Kovacevic, Bozidar"]
[Result "1-0"]
[WhiteElo "2289"]
[BlackElo "1915"]
[PlyCount "67"]
[EventDate "2012.07.06"]

1. d4 Nf6 2. c4 g6 3. Nc3 d5 4. Nf3 Bg7 5. Bg5 Ne4 6. cxd5 Nxc3 7. bxc3 Qxd5 8.
Qb3 Qxb3 9. axb3 c5 10. e3 h5 11. Bc4 Nc6 12. Kd2 cxd4 13. exd4 f6 14. Be3 a6
15. b4 Bg4 16. b5 Nb8 17. Bd5 Bc8 18. Rhb1 e6 19. Be4 f5 20. Bd3 O-O 21. Bf4
Nd7 22. Re1 Nb6 23. bxa6 bxa6 24. c4 Re8 25. Ne5 Kh7 26. h3 Bf8 27. Rab1 a5 28.
Rxb6 Bb4+ 29. Rxb4 axb4 30. Rb1 Ra2+ 31. Ke3 Bb7 32. g4 Ra4 33. Nd7 Kg7 34.
gxh5 1-0

[Event "International Championship of Central Se"]
[Site "Paracin, hotel "]
[Date "2012.07.06"]
[Round "1.45"]
[White "Stojkovska, Monika"]
[Black "Popovic, Aleksandar M"]
[Result "0-1"]
[WhiteElo "1909"]
[BlackElo "2288"]
[PlyCount "121"]
[EventDate "2012.07.06"]

1. e4 e5 2. Nf3 d6 3. d4 exd4 4. Nxd4 Nf6 5. Nc3 Be7 6. Bc4 O-O 7. O-O Nxe4 8.
Nxe4 d5 9. Bd3 dxe4 10. Bxe4 Bf6 11. Nb3 Nd7 12. c3 a5 13. a4 Be5 14. Qh5 g6
15. Qg5 Bf6 16. Qf4 Re8 17. Bc2 c6 18. Be3 Be5 19. Qg5 Qc7 20. Qh4 c5 21. Rfe1
Ra6 22. Bf4 Rae6 23. Bxe5 Nxe5 24. Nd2 Kg7 25. Re3 Ng4 26. Rxe6 Rxe6 27. Ne4 h5
28. Qg3 Qe7 29. h3 Nh6 30. Qf3 b6 31. Ng3 Bb7 32. Qd1 h4 33. Nf1 Qg5 34. f3 Qe7
35. Bd3 c4 36. Be4 Bxe4 37. Qd4+ Kh7 38. fxe4 Rxe4 39. Qxb6 Re2 40. Qc6 Qa7+
41. Kh1 Qf2 42. Qf3 Qxf3 43. gxf3 Nf5 44. Rd1 Rxb2 45. Rd5 Rb1 46. Kg2 Rb2+ 47.
Kg1 Rc2 48. Rxa5 Rxc3 49. Nd2 Nd4 50. Rc5 Rc2 51. Ne4 Nxf3+ 52. Kf1 f5 53. Nd6
c3 54. a5 Rc1+ 55. Kf2 c2 56. a6 Ng5 57. a7 Ra1 58. Rxc2 Kh8 59. Nb5 Nxh3+ 60.
Kg2 Nf4+ 61. Kh2 0-1

[Event "International Championship of Central Se"]
[Site "Paracin, hotel "]
[Date "2012.07.06"]
[Round "1.46"]
[White "Livaja, Mario"]
[Black "Filipovic, Tomislav S"]
[Result "1-0"]
[WhiteElo "2277"]
[BlackElo "1865"]
[PlyCount "73"]
[EventDate "2012.07.06"]

1. d4 d5 2. Nf3 Nf6 3. Bg5 e6 4. e3 Be7 5. c4 dxc4 6. Nc3 O-O 7. Bxc4 c6 8. O-O
Nbd7 9. Qc2 h6 10. Bh4 Nb6 11. Bb3 Bd7 12. Rfd1 Nbd5 13. Rac1 Rc8 14. Ne5 Be8
15. Qd3 g5 16. Bg3 Nb4 17. Qe2 Nbd5 18. e4 Nxc3 19. bxc3 Kg7 20. h4 Nd7 21.
hxg5 hxg5 22. Nf3 Rh8 23. d5 exd5 24. exd5 c5 25. Nh2 f6 26. Re1 Bf8 27. Ng4
Bh5 28. Qe6 c4 29. Bc2 Bf7 30. Qf5 Kg8 31. Re6 Bg7 32. Rce1 Nf8 33. Nxf6+ Bxf6
34. Rxf6 Rh7 35. Bd1 Rg7 36. Re7 Bg6 37. Rxg7+ 1-0